Générique Démétan - Paroles - Statistiques

Statistiques générales
  • Ce quiz a été pris 4 fois
  • Le résultat moyen est 17 sur 26
Statistiques - réponses
Paroles % Correct
C'est {Démétan}
100%
Et tu l'attends plein d'{espoir}
100%
Gentil petit {Démétan}
100%
Gentil petit {Démétan}
100%
Pauvre petit {Démétan}
100%
Au milieu d'un bel {étang}
75%
Est la {fille} de Kyata
75%
Et que sur l'{eau} rien ne bouge
75%
Lui interdit de {sortir} pour te voir
75%
Mais le {méchant} Kyata
75%
Pendant qu'elle pleure dans le {noir}
75%
Qui jouent comme tous les {enfants}
75%
Souvent tu y {pense}
75%
Tu attend la fin du {jour}
75%
Car la {jolie} Rénatan
50%
C'est {Rénatan}
50%
Des lacs et des {bois}
50%
Et ca déchire ton {âme}
50%
Le méchant {seigneur}
50%
Pour voir ton petit {amour}
50%
Quand descend le soleil {rouge}
50%
Ta petite {camarade}
50%
Tu n'as pas de {chance}
50%
Deux petits coeurs de {grenouille}
25%
Ton coeur est en {fête}
25%
Tu viens en {cachette}
25%
Aucun quiz correspondant
Distribution des résultats
% des personnes avec chaque résultat
Percentile par nombre de réponses
Votre historique - résultats
Vous n’avez pas pris ce quiz